• 首页
  • 本馆介绍
  • 公告通知
  • 最新文献
  • 馆藏检索
  • 电子资源
  • 读者导购
  • 参考咨询
  • 我的图书馆
  • 登录
  • 详细信息显示
  • 放入我的书架
  • 预约/预借图书
  • 作者相关作品
  • 分类相关作品
  • 丛书相关作品
  • 出版社相关作品

书目信息

  • 表格格式
  • 工作单格式
  • 卡片格式
题名:
企业市场经营
    
 
作者: 吴世经 编
分册:  
出版信息: 天津   天津人民出版社  1982
页数: 78页
开本: 19cm
丛书名:
单 册:
中图分类: F405
科图分类:
主题词: 工业产品-市场经营学 , 市场经营学-工业产品
电子资源:
ISBN:
000 00657nam0 2200253 45
001 0182003072
005 20060808171002.92
010    @dCNY0.24
091    @aCN@b4072.52
100    @a19950628d1982 em y0chiy0121 ea
101 0  @achi
102    @aCN@b120000
105    @ay z 000yy
200 10 @a企业市场经营@Aqi ye shi chang jing ying@f吴世经编
210    @a天津@c天津人民出版社@d1982
215    @a78页@d19cm
300    @a工业企业管理知识
606    @a工业产品-市场经营学
606    @a市场经营学-工业产品
690    @aF405@v3
701  0 @a吴世经@Awu shi jing@4编
801  2 @aCN@bNLC@c20060808
801  0 @aCN@bTSSF
905    @a10447@dF405@e99
    
    企业市场经营/吴世经编.-天津:天津人民出版社,1982
    78页;19cm
    工业企业管理知识
    
    ISBN :CNY0.24
    
●
相关链接 在E读中查询图书 在五车中查询图书 在当当中查询图书 在豆瓣中查询图书


正题名:企业市场经营     索取号:F405/99         预约/预借

序号 登录号 条形码 馆藏地/架位号 状态 备注
1 0447498   204474988   密集书库/ [索取号:F405/99] 在馆    
2 0447499   204474997   密集书库/ [索取号:F405/99] 在馆    
3 0447500   204475004   密集书库/ [索取号:F405/99] 在馆    
唐山师范学院图书馆 欢迎您!
大连网信软件有限公司© 版权所有